000 00585nam a2200169Ia 4500
003 GCL
005 20240530110153.0
008 140319s9999 xx 000 0 ara d
040 _aGCL /
_cGCL
082 0 4 _a347
_bن س
100 _4نبيل اسماعيل عمر
245 1 0 _aسقوط الحق فى اتخاذ الاجراء فى قانون المرافعات /
_cنبيل اسماعيل عمر
260 _a[ الاسكندرية ] :
_bمنشاة المعارف الاسلامية ،
_c1989
300 _a242 ص
490 _aالكتب القانونية
_v0
942 _2ddc
_cBK
999 _c59151
_d59151